Rapid Transit Trivia - Statistics

General Stats
  • This quiz has been taken 175 times
    117 since last reset
  • The average score is 13 of 22
Answer Stats
Questions Answer % Correct
City with the highest number of Subway stations with 472 New York
99%
World's first Rapid Transit system opened in this city London
96%
City with the busiest Rapid Transit by annual ridership Tokyo
85%
Country with the largest number of Metro systems China
83%
Cairo
82%
In Germany these are usually called U-Bahn
79%
City with the largest Metro System by route length Shanghai
77%
America's first city with an urban rapid transit Boston
75%
World's first Rapid transit is commonly known as Tube / Underground
70%
One line of this City's Metro runs only during a massive pilgrimage Mecca
66%
Northernmost city with a Rapid Transit Helsinki
58%
Southernmost city with the Rapid Transit Buenos Aires
55%
World's first mordern multiple unit train sets were used in the Metro of this city Chicago
54%
Cities with a Rapid Transit in Africa Algiers
49%
The deepest Railway station of any Metro is found in this city Kiev
48%
This city was the first to use overhead wires and was the second urban rail transit in the world Budapest
46%
City with the longest Metro Line of 200.6 kilometres Seoul
39%
The Subway stations of this city can serve was bomb shelters during war Pyongyang
30%
World's longest driverless metro system is in this city Singapore
29%
World's Smallest city by population with a Rapid Transit Lausanne
28%
World's longest Metro tunnel is in this city Guangzhou
23%
Largest city by population without any Rapid transit Karachi
21%
No matching quizzes found
Score Distribution
Percent of People with Each Score
Percentile by Number Answered
Your Score History
You have not taken this quiz since the last reset